000 00695nam a2200289Ia 4500
005 20260324130941.0
008 008 260324s9999 xx 000 0 eng d
020 _a9781315552507
037 _aEBOOK
040 _aCRL
040 _beng
040 _cCRL
041 _2eng
041 _aeng
084 _qCRL
100 _aJoseph H. Campos Ii
_91183659
245 4 _aThe State and Terrorism
245 0 _bNational Security and the Mobilization of Power
260 _bTaylor and Francis
260 _c2007
365 _a
365 _b230
856 _uhttp://www.taylorfrancis.com/books/9781315552507
942 _cEBOOK
999 _c1780387
_d1780387